Funktionelle Gruppen Chemie - Statistiken

Allgemein
  • Dieses Quiz wurde 178 mal gespielt
  • Das Durchschnittsergebnis liegt bei 2 aus 6
Antwortstatistiken
Hint Antwort % Korrekt
ROH Alkohol
97%
ROR' Ether
45%
RCHO Aldehyde
29%
RCOR' Ketone
26%
RNH2 Amine
21%
RCOOH Carbonsäuren
20%
Keine übereinstimmenden Quizze gefunden
Verteilung der Resultate
Anzahl Personen mit jedem Resultat
Perzentil nach korrekt beantworteten Fragen
Ihre Resultats-Entwicklung
Sie haben dieses Quiz noch nicht gespielt